| 000 | 00834nam a22002297a 4500 | ||
|---|---|---|---|
| 001 | 1199 | ||
| 003 | BD-RjUL | ||
| 005 | 20211208233307.0 | ||
| 008 | 131125r19521947at |||||||||| 000 0 eng d | ||
| 035 |
_a(BD-RjUL)1221 _a(OCLC)11884061 |
||
| 040 |
_aBD-RjUL _beng _cBD-RjUL _dBD-RjUL |
||
| 041 | _aeng | ||
| 082 | 0 | 4 |
_220 _a428.43 _bLAP 1952 |
| 100 | 1 |
_aLamb, G. F. _93543 |
|
| 245 | 1 |
_aPrecis and comprehension for general certificate / _cG, F. Lamb and C. C. Fitz-Hugh. |
|
| 260 |
_aLondon ; Sydney : _bGeorce G. Harrap, _cc1947 [Reprinted 1952]. |
||
| 300 |
_a102 p. ; _c17 cm. |
||
| 650 | 0 | 7 |
_aReading comprehension. _93544 |
| 700 | 1 |
_aFitz-Hugh, C. C. _93545 |
|
| 856 | 4 | 2 |
_3WorldCat _uhttp://www.worldcat.org/title/precis-and-comprehension-for-general-certificate-ordinary-level/oclc/11884061&referer=brief_results |
| 942 |
_2ddc _cBK |
||
| 999 |
_c1199 _d1199 |
||